000
00287nam a22001217a 4500
082
_a
388.09439
_b
HOO
_c
D
100
_a
Hook Walter
_9
38505
245
_a
Wheels out of blance
260
_a
New York
300
_a
vi, 93p.:
526
_a
0
_b
0
_c
0
_d
388_094390000000000_HOO
942
_2
ddc
_c
BK
999
_c
543117
_d
543117